| 000 | 00864nam a2200253 i 4500 | ||
|---|---|---|---|
| 001 | bgj | ||
| 100 | 1 | _aHESS, Natalie. | |
| 245 | 1 | 0 |
_aCreative questions : _blively uses of the interrogative / _cNatalie Hess and Laurel Pollard. |
| 260 |
_aHarlow, Essex : _bLongman, _c1995. |
||
| 300 |
_aVIII, 104 pp : _bfig. ; _c25 cm. |
||
| 490 | 1 | _aPilgrims Longman resource books / [ed. by] Seth Lindstromberg | |
| 504 | _aBibliography p. 100. | ||
| 505 | _aIncludes index. | ||
| 650 | 9 |
_aEnglish language _xStudy and teaching _xForeign speakers |
|
| 650 | 9 | _aActivity programmes in education | |
| 700 | 1 | _aPOLLARD, Laurel. | |
| 830 | 0 | _aPilgrims Longman resource books ([ed. by] Seth Lindstromberg) | |
| 020 | _a0582089581 (pbk) | ||
| 040 | _cBPK | ||
| 041 | 0 | _aeng | |
| 920 | _a0-582-0895-81 (pbk) | ||
| 942 | _cKS | ||
| 008 | s uk f |000 0 eng | ||
| 999 |
_c48086 _d48086 |
||
| 856 |
_uhttp://koha.tu.koszalin.pl/cgi-bin/koha/opac-detail.pl?biblionumber=48086 _yKatalog online BPK |
||